| 000 | 00894cam a2200229 4500 | ||
|---|---|---|---|
| 001 | ABS66711 | ||
| 008 | 030520n2003 000 0 eng u | ||
| 035 | _a(Sirsi) u122336 | ||
| 100 | _aEarley, J. | ||
| 245 | _aTerra incognita? | ||
| 260 | _c2003 | ||
| 490 |
_aInside Housing _v20(15) 18 April 2003, 23(1) |
||
| 520 | _aExamines the housing crisis in southwest England, introducing a range of statistical data to support its analysis. Seeks an equitable housing settlement for the region based on the facts, which are acknowledged by the Communities Plan document for the region but ignored by the current funding regime. | ||
| 590 | _aABS | ||
| 650 | _aHOUSING CRISIS | ||
| 650 | _aAPPROVED DEVELOPMENT PROGRAMME | ||
| 650 | _aFUNDING | ||
| 650 | _aSUSTAINABLE COMMUNITIES: BUILDING FOR THE FUTURE | ||
| 650 | _aSOUTHWEST ENGLAND | ||
| 690 | _aHOUSING-INVESTMENT | ||
| 942 | _n0 | ||
| 999 |
_c72702 _d72702 |
||